00731nai a2200181Ia 4500003000900000008004100009022002200050022002300072040001600095245007100111260008600182310001400268362002500282521006900307650003300376650005000409856009000459IN-BaIIA211028c9999 xx s 000 0 eng d a1077-260X (Print) a1558-4542 (Online) cIIA Library 0aIEEE Journal of Selected Topics in Quantum Electronicsh[eJournal] aNew York, USAbThe Institute of Electrical and Electronics Engineers, Inc. (IEEE) aBimonthly a1(1); 1995 - Present bSubscribed through National Knowledge Resource Consortium (NKRC) a Photonics and Electrooptics aEngineered Materials, Dielectrics and Plasmas uhttps://ieeexplore.ieee.org/servlet/opac?punumber=2944yClick Here to Access eJournal